00358nam a2200145Ia 45000030006000000080041000060400015000471000015000622450055000772500006001322600039001383000006001775460012001830050017001950STCL150530s9999 xx 000 0 und d aSTCLcSTCL aKapila, U. aIndian Economy Issues in Developments and Planning a5 bAcademic Press; Delhic2007aDelhi a0 aEnglish20220125165512.0